Statistics for Shopping List- Indian & Southeast Asian

Click here to take the quiz!

General Stats

  • This quiz has been taken 254 times
    (243 since last reset)
  • The average score is 26 of 56

Answer Stats

HintAnswer% Correct
Tandoori ChickenChicken
86%
Pad See EwSugar
86%
Mango LassiSugar
86%
LarbSugar
86%
Mango LassiMango Puree
83%
Gulab JamunMilk Powder
78%
Mango LassiSalt
76%
PapadumSalt
76%
Garam MasalaBlack Pepper
74%
Thai Red Curry PasteBlack Pepper
74%
Mango LassiMilk
74%
Thai Red Curry PasteChile
71%
Gulab JamunFlour
69%
PapadumWater
60%
Thai Red Curry PasteShallot
59%
Pho BrothOnion
58%
Mango LassiYogurt
57%
Thai Red Curry PasteGarlic
55%
Tandoori ChickenGarlic
55%
LarbSticky Rice
55%
Garam MasalaCinnamon
53%
Tandoori ChickenTurmeric
53%
LarbCilantro
51%
Thai Red Curry PasteCilantro
51%
Gulab JamunGhee
51%
Garam MasalaCumin
50%
PapadumCumin
50%
Tandoori ChickenYogurt
49%
Thai Red Curry PasteCoriander
45%
Garam MasalaCoriander
45%
Tandoori ChickenPaprika
41%
Garam MasalaClove
40%
Tandoori ChickenGinger
40%
Pho BrothGinger
40%
Tandoori ChickenLemon
40%
LarbPork
37%
Garam MasalaCardamom
35%
LarbLime
32%
Garam MasalaNutmeg
30%
Pad See EwSoy Sauce
28%
Pho BrothAnise
27%
LarbFish Sauce
23%
Pho BrothFish Sauce
23%
Pad See EwRice Noodle
22%
Gulab JamunRosewater
22%
Thai Red Curry PasteLemongrass
20%
Pho BrothBone
19%
PapadumChickpea Flour
19%
LarbMint
17%
Pad See EwOyster Sauce
16%
Thai Red Curry PasteGalangal
13%
LarbScallion
13%
LarbShallot
12%
Pad See EwVinegar
12%
Thai Red Curry PasteKaffir Lime Leaf
10%
Gulab JamunBaking Soda
9%

Score Distribution

Percentile by Number Answered

Percent of People with Each Score

Your Score History

You have not taken this quiz since the last reset